000 03267nab a2200265 i 4500
003 BR-BrBNA
005 20241024161943.0
008 241024b2005 bl.qr|pooa||| 00| 0 eng |
040 _aBR-BrBNA
_beng
072 _aF70
100 _aCroat, Thomas B.
100 _aLingán, Jorge
100 _aHayworth, Douglas
245 _aA new section of Anthurium, sect. Decurrentia - Revision of the Anthurium decurrens Poeppig complex in Amazonia
500 _aPublicação on-line; 4 illus.; Summaries (En, Pt)
520 _a ABSTRACT (A new section of Anthurium, sect. Decurrentia - Revision of the Anthurium decurrens Poeppig complex in Amazonia) A revision of 6 closely related species from the Amazon basin in Colombia, Ecuador and Peru is presented, and 4 new species of Anthurium are published as new: Anthurium ceronii Croat, A. payaminoense Croat & Lingán, A. sydneyi Croat & Lingán and A. whitmorei Croat & Lingán. Two species, A. decurrens Poeppig and A. longispadiceum K. Krause are redescribed because they have been, until recently, totally unknown or misrepresented by other taxa. The species are all members of a new section named Decurrentia, newly named here for the first time. All members of section Decurrentia have in common short internodes, elongated, epunctate leaf blades, and peduncles tending to be weakly or prominently ridged or winged. In addition, several of the species have early-emergent, elongated berries. All species treated here occur in the lowlands of Amazonia and have been confused with one another by botanists for a long time. Key-words: Anthurium, new section, Decurrentia, Amazonia, new species
520 _a RESUMO (Uma nova seção de Anthurium, sect. Decurrentia - Revisão do complexo Anthurium decurrens Poeppig na Amazônia) É apresentada uma revisão de seis espécies estreitamente relacionadas da bacia amazônica na Colômbia, Equador e Peru, sendo quatro espécies novas: Anthurium ceronii Croat, A. payaminoense Croat & Lingán, A. sydneyi Croat & Lingán e A. whitmorei Croat & Lingán. Duas espécies, A. decurrens Poeppig e A. longispadiceum K. Krause, são novamente descritas porque foram, até recentemente, totalmente desconhecidas ou confundidas com outros taxa. As espécies são membros de uma seção nova, Decurrentia, descrita aqui pela primeira vez. Todos os membros da seção Decurrentia têm em comum internós curtos, alongados, lâminas da folha sem pontuações e pedúnculos que tendem a ser fraca ou proeminente rígidos ou alados. Além disso, várias espécies têm bagas precocemente emergentes e alongadas. Todas as espécies tratadas aqui ocorrem na planície amazônica e têm sido confundidas umas com as outras por botânicos durante muito tempo. Palavras-chave: Anthurium, nova seção, Decurrentia, Amazônia, espécie nova.
650 _aANTÚRIO
650 _aAMAZÔNIA
650 _aESPÉCIE
773 0 _0709
_9345666
_dRio de Janeiro-RJ Jardim Botanico do Rio de Janeiro 1935
_o2024-6298
_tRodriguésia (Brazil)
_x0370-6583; 2175-7860 on-line
_gv. 56(88) p. 15-30; (2005)
_wBR2024003346
856 _uhttps://www.scielo.br/j/rod/a/QhLgKgpfkB5Np7fr9qyvxBF/?format=pdf&lang=en
942 _cANA
999 _c328263
_d328263